Gabão - Statistics

Estatísticas Gerais
  • Esse quiz foi jogado 13 vezes
  • A pontuação média é 7 de 14
Estatísticas das Respostas
Hint Resposta % Correto
Onde fica? África
100%
De que país é independente? França
92%
Qual é o seu idioma? Francês
92%
Qual é o seu código ISO? GAB
92%
Qual é a sua religião? Cristianismo
77%
Qual é o seu tipo de clima? Tropical
77%
Que animal á em maior quantidade? Elefante
54%
Qual é a sua capital? Libreville
38%
Qual é a sua moeda? Franco CFA
23%
Quem é o atual presidente? Ali Bongo
15%
Qual é o seu ponto mais alto do país? Monte Bengoué
8%
Qual é o principal ponto turístico da capital do país? Igreja de Saint-Michel
0%
Qual é a praia mais conhecida? Pointe Denis
0%
Qual é o seu maior rio? Rio Ogooué
0%
Nenhum quiz correspondente encontrado
Distribuição das Pontuações
Porcentagem de Pessoas com Cada Pontuação
Percentil de Números Respondidos
Sua Pontuação Histórica
Você não jogou esse quiz